00613nam a2200145Ia 4500008004100000050002600041100003100067245010600098260008600204300002800290521001400318942000700332999001900339952010900358140724s9999 xx 000 0 und d aHF 5415.2b.G993 2012 aGuzman, Beatrice Nicole T. 2aA marketing research and analysis for Manna Hydro Bio - Energy Catalyst /cBeatrice Nicole T. Guzman. aLas Piñas, Philippines :bSouthville International School and Colleges,cc2012. a42 p. :bill. ;c28 cm. aMarketing cTH c229214d229214 001040aCLbCLcTHESESd2014-07-24l0oHF 5415.2 .G993 2012pT0568r2018-05-15 00:00:00w2014-07-24yTH